[Event "Titled Tuesday intern op 27th Dec Early"]
[Site "Chess.com INT"]
[Date "2022.12.27"]
[Round "9"]
[White "Cardona Oramas, Liulia Maria"]
[Black "Omariev, Maksim"]
[Result "1-0"]
[WhiteElo "2115"]
[BlackElo "2304"]
[PlyCount "51"]
[EventDate "2022.12.27"]
[EventType "swiss (blitz)"]
[EventRounds "11"]
[EventCountry "USA"]
[SourceTitle "EXT 2024"]
[Source "ChessBase"]
[SourceDate "2023.10.10"]
[SourceVersion "1"]
[SourceVersionDate "2023.10.10"]
[SourceQuality "1"]

1. e4 c5 2. Nf3 d6 3. d4 cxd4 4. Nxd4 Nf6 5. Nc3 a6 6. Bc4 e6 7. Bb3 Nbd7 8. Be3 Nc5 9. f3 b5 10. Qe2 Bb7 11. 0-0-0 Be7 12. g4 Nfd7 13. Rhg1 Nb6 14. Ndxb5 Nxb3+ 15. axb3 0-0 16. Nd4 a5 17. Qb5 Ra6 18. Qh5 a4 19. Rg3 g6 20. Qh6 Re8 21. Rh3 Bf6 22. Ndb5 axb3 23. Nxd6 Ra1+ 24. Nb1 bxc2 25. Qxh7+ Kf8 26. Qxf7# 1-0

[Event "Titled Tuesday intern op 27th Dec Early"]
[Site "Chess.com INT"]
[Date "2022.12.27"]
[Round "8"]
[White "Cruz, William Ferreira Da"]
[Black "Cardona Oramas, Liulia Maria"]
[Result "1-0"]
[WhiteElo "2224"]
[BlackElo "2115"]
[PlyCount "103"]
[EventDate "2022.12.27"]
[EventType "swiss (blitz)"]
[EventRounds "11"]
[EventCountry "USA"]
[SourceTitle "EXT 2024"]
[Source "ChessBase"]
[SourceDate "2023.10.10"]
[SourceVersion "1"]
[SourceVersionDate "2023.10.10"]
[SourceQuality "1"]

1. d4 f5 2. e4 fxe4 3. Nc3 Nf6 4. f3 d5 5. fxe4 dxe4 6. Bc4 e5 7. dxe5 Qxd1+ 8. Nxd1 Ng4 9. Bf4 Bb4+ 10. c3 Be7 11. h3 g5 12. Bg3 Nh6 13. Ne3 Nc6 14. Ne2 Bd7 15. e6 Bc8 16. b4 0-0 17. Bxc7 Kg7 18. Ng3 Bf6 19. Nh5+ Kg6 20. Nxf6 Rxf6 21. b5 Ne7 22. Bd8 Nhg8 23. Bxe7 Nxe7 24. Ng4 Rf5 25. Rf1 h5 26. Ne3 Rxf1+ 27. Nxf1 Kf6 28. Ng3 Ke5 29. Nxh5 Bxe6 30. Bxe6 Kxe6 31. Ng3 Ke5 32. 0-0-0 Nd5 33. Kb2 Rf8 34. c4 Rf2+ 35. Kb3 Ne3 36. Re1 Nxg2 37. Rxe4+ Kd6 38. Rg4 Rf3+ 39. Kb4 Ne3 40. c5+ Kc7 41. Rxg5 Nc2+ 42. Kc4 Na3+ 43. Kd5 Nxb5 44. Nf5 Nc3+ 45. Kc4 Nxa2 46. Rg7+ Kc8 47. Nd6+ Kd8 48. Nxb7+ Ke8 49. Nd6+ Kf8 50. Rxa7 Nc1 51. c6 Ne2 52. Rf7+ 1-0

[Event "Titled Tuesday intern op 27th Dec Early"]
[Site "Chess.com INT"]
[Date "2022.12.27"]
[Round "10"]
[White "Peatman, Carter F"]
[Black "Cardona Oramas, Liulia Maria"]
[Result "1-0"]
[WhiteElo "1976"]
[BlackElo "2115"]
[PlyCount "93"]
[EventDate "2022.12.27"]
[EventType "swiss (blitz)"]
[EventRounds "11"]
[EventCountry "USA"]
[SourceTitle "EXT 2024"]
[Source "ChessBase"]
[SourceDate "2023.10.10"]
[SourceVersion "1"]
[SourceVersionDate "2023.10.10"]
[SourceQuality "1"]

1. d4 f5 2. Bf4 Nf6 3. Nf3 g6 4. e3 Bg7 5. h3 0-0 6. c4 d6 7. Bh2 h6 8. Nc3 c6 9. Be2 Na6 10. 0-0 Nc7 11. Rc1 e6 12. b4 Ne4 13. a4 Qe7 14. Nd2 Nxc3 15. Rxc3 e5 16. Nf3 e4 17. Nd2 Rd8 18. Qb3 Kh8 19. b5 c5 20. dxc5 dxc5 21. Rc2 Ne6 22. Nb1 Ng5 23. Nc3 Be6 24. Nd5 Bxd5 25. cxd5 Nf7 26. Rfc1 b6 27. a5 Be5 28. Bxe5+ Qxe5 29. Bc4 Nd6 30. Rd2 Kg7 31. Rcd1 Kf6 32. Qc2 g5 33. Re2 h5 34. Kh1 Rh8 35. Rf1 h4 36. f4 exf3 37. Rxf3 Ne4 38. Re1 Ke7 39. Bd3 Raf8 40. d6+ Kxd6 41. axb6 axb6 42. Rd1 Kc7 43. Bxe4 fxe4 44. Rxf8 Rxf8 45. Qd2 Qe6 46. Ra1 Kb7 47. Qb2 1-0

[Event "US Open-116"]
[Site "Phoenix"]
[Date "2015.08.09"]
[Round "9"]
[White "Cardona Oramas, Liulia Maria"]
[Black "Wu, Christopher"]
[Result "0-1"]
[WhiteElo "2162"]
[BlackElo "2348"]
[PlyCount "74"]
[EventDate "2015.08.01"]
[EventType "swiss"]
[EventRounds "9"]
[EventCountry "USA"]
[SourceTitle "CBM 167 Extra"]
[Source "ChessBase"]
[SourceDate "2015.09.14"]
[SourceVersion "1"]
[SourceVersionDate "2015.09.14"]
[SourceQuality "1"]

1. e4 c5 2. b3 b6 3. Bb2 Bb7 4. Bd3 Nc6 5. Ne2 Nb4 6. 0-0 e6 7. Ng3 Nxd3 8. cxd3 d5 9. Nc3 dxe4 10. dxe4 Qd3 11. a4 a6 12. Re1 Rd8 13. Nf1 Nf6 14. Re3 Qd7 15. e5 Nd5 16. Nxd5 Qxd5 17. Rg3 h5 18. Ne3 Qc6 19. h3 Rd3 20. Qc2 Qd7 21. Nc4 Rxg3 22. fxg3 Be7 23. d4 cxd4 24. Nxb6 d3 25. Qc3 Qc6 26. Qxc6+ Bxc6 27. Nc4 Bc5+ 28. Kf1 0-0 29. Rd1 Be4 30. Nd2 Bd5 31. Nc4 Rb8 32. Bc1 Rxb3 33. Ne3 Bc6 34. Bd2 Bxa4 35. Rc1 Bb6 36. Nc4 Bd4 37. Bf4 Bb5 0-1

[Event "US Open-116"]
[Site "Phoenix"]
[Date "2015.08.02"]
[Round "2"]
[White "Hoffman, Guy"]
[Black "Cardona Oramas, Liulia Maria"]
[Result "0-1"]
[WhiteElo "1859"]
[BlackElo "2162"]
[PlyCount "110"]
[EventDate "2015.08.01"]
[EventType "swiss"]
[EventRounds "9"]
[EventCountry "USA"]
[SourceTitle "CBM 167 Extra"]
[Source "ChessBase"]
[SourceDate "2015.09.14"]
[SourceVersion "1"]
[SourceVersionDate "2015.09.14"]
[SourceQuality "1"]

1. e4 c5 2. Nf3 e6 3. c3 Nc6 4. d4 d5 5. e5 Qb6 6. Be2 h5 7. 0-0 Nh6 8. Bd3 Bd7 9. b3 cxd4 10. cxd4 Nxd4 11. Bb2 Nxf3+ 12. Qxf3 g6 13. Qf6 Rg8 14. h3 Nf5 15. Qg5 Bh6 16. Qf6 Qd8 17. Qxd8+ Kxd8 18. Nc3 a6 19. f4 Ng3 20. Rf3 h4 21. Ne2 Nxe2+ 22. Bxe2 Rc8 23. Rc1 Rxc1+ 24. Bxc1 Bf8 25. Be3 Bc6 26. Bf2 Be7 27. Rc3 Kd7 28. a4 Rc8 29. Kf1 b5 30. axb5 axb5 31. Bd3 Ra8 32. Rc1 Ra3 33. Bc2 Ra2 34. Bd4 Ba3 35. Ra1 Rxa1+ 36. Bxa1 Bc1 37. Kf2 Bxf4 38. Kf3 Bg3 39. Bd4 f6 40. exf6 e5 41. Bc5 Ke6 42. Be7 Kf7 43. b4 Bd7 44. Bb3 Be6 45. Bd1 e4+ 46. Ke3 Be5 47. Be2 Bd7 48. Bd8 Bc6 49. Bf1 d4+ 50. Ke2 Bxf6 51. Bb6 Ke6 52. Bc7 Bd5 53. g3 Bc4+ 54. Ke1 Bxf1 55. Kxf1 Be5 0-1

[Event "Mesa Copper State-B"]
[Site "Mesa"]
[Date "2010.06.07"]
[Round "6"]
[White "Ristovic, Nenad"]
[Black "Cardona Oramas, Liulia Maria"]
[Result "1-0"]
[WhiteElo "2193"]
[BlackElo "2017"]
[PlyCount "83"]
[EventDate "2010.06.04"]
[EventType "swiss"]
[EventRounds "9"]
[EventCountry "USA"]
[SourceTitle "CBM 136 Extra"]
[Source "ChessBase"]
[SourceDate "2010.07.02"]
[SourceVersion "2"]
[SourceVersionDate "2010.07.15"]
[SourceQuality "1"]

1. d4 f5 2. c4 g6 3. Nc3 Nf6 4. Nf3 Bg7 5. g3 0-0 6. Bg2 d6 7. 0-0 Nc6 8. d5 Ne5 9. Nxe5 dxe5 10. e4 f4 11. gxf4 Nh5 12. fxe5 Bxe5 13. Ne2 Qd6 14. f4 Nxf4 15. Bxf4 Bxf4 16. Nxf4 Rxf4 17. Rxf4 Qxf4 18. Qd4 Bg4 19. Rf1 Qg5 20. Qc3 h6 21. h3 Bh5 22. b3 Rf8 23. Rxf8+ Kxf8 24. Kh2 Kg8 25. e5 Qf4+ 26. Qg3 Qd4 27. e6 Qc5 28. Bf3 Kh7 29. Bxh5 gxh5 30. Qf3 Qa3 31. Qf7+ Kh8 32. Kg3 Qb4 33. Qf8+ Kh7 34. Qf5+ Kg7 35. Kh4 Qd2 36. Qf7+ Kh8 37. Qf8+ Kh7 38. Qxe7+ Kh8 39. Qf8+ Kh7 40. Qf5+ Kh8 41. Kxh5 Qe3 42. Qf6+ 1-0

[Event "Mesa Copper State-B"]
[Site "Mesa"]
[Date "2010.06.04"]
[Round "1"]
[White "Ravichandran, Siddharth"]
[Black "Cardona Oramas, Liulia Maria"]
[Result "1-0"]
[WhiteElo "2454"]
[BlackElo "2017"]
[PlyCount "105"]
[EventDate "2010.06.04"]
[EventType "swiss"]
[EventRounds "9"]
[EventCountry "USA"]
[SourceTitle "CBM 136 Extra"]
[Source "ChessBase"]
[SourceDate "2010.07.02"]
[SourceVersion "2"]
[SourceVersionDate "2010.07.15"]
[SourceQuality "1"]

1. d4 f5 2. Bg5 g6 3. Nd2 Bg7 4. e4 fxe4 5. Nxe4 Nf6 6. Nxf6+ exf6 7. Be3 d5 8. Qd2 Be6 9. Qb4 Nd7 10. Ne2 Nb6 11. Nf4 Bf7 12. Be2 Bf8 13. Qd2 Bd6 14. b3 a5 15. a4 0-0 16. Nd3 Nd7 17. 0-0 b6 18. Rae1 c5 19. Bf3 cxd4 20. Bxd4 Qc7 21. g3 Rac8 22. Bg4 Ne5 23. Bxe5 fxe5 24. Bxc8 Rxc8 25. Re2 e4 26. Nf4 Qb7 27. Rd1 Bb4 28. Qd4 Bc3 29. Qe3 Bb4 30. Ng2 Qa6 31. Red2 Bxd2 32. Rxd2 Qb7 33. Qg5 Qd7 34. Ne3 Rc5 35. Ng4 Qd6 36. h4 Qc6 37. Qe5 Kf8 38. Nf6 h5 39. c4 d4 40. Qxd4 e3 41. Nd7+ Kg8 42. Qxe3 Rf5 43. Nxb6 Rf3 44. Rd8+ Kg7 45. Qd4+ Qf6 46. Qxf6+ Kxf6 47. Nd5+ Ke5 48. Ne3 Rf6 49. Ra8 Rb6 50. Rxa5+ Kd4 51. Rb5 Rxb5 52. axb5 Kc5 53. Kg2 1-0

[Event "Mesa Copper State op"]
[Site "Mesa"]
[Date "2009.06.02"]
[Round "9"]
[White "Cardona Oramas, Liulia Maria"]
[Black "Esserman, Marc"]
[Result "0-1"]
[WhiteElo "2035"]
[BlackElo "2391"]
[PlyCount "54"]
[EventDate "2009.05.29"]
[EventType "swiss"]
[EventRounds "10"]
[EventCountry "USA"]
[SourceTitle "CBM 130 Extra"]
[Source "ChessBase"]
[SourceDate "2009.07.02"]
[SourceVersion "2"]
[SourceVersionDate "2009.07.15"]
[SourceQuality "1"]

1. e4 c5 2. b3 d6 3. Bb2 Nf6 4. Nc3 Nc6 5. Bb5 Bd7 6. f4 a6 7. Bxc6 Bxc6 8. d3 d5 9. Qe2 Qa5 10. Kf1 d4 11. Nd1 Nxe4 12. Nf3 f6 13. Qe1 Qxe1+ 14. Nxe1 Nd6 15. b4 e5 16. fxe5 fxe5 17. bxc5 Nf5 18. Ba3 Be7 19. Nf3 0-0 20. Ke2 b5 21. c3 Bxf3+ 22. gxf3 dxc3 23. Nxc3 Nd4+ 24. Kd2 Nxf3+ 25. Ke3 Bg5+ 26. Ke4 Rad8 27. Nd5 Nd2+ 0-1

[Event "Mesa Copper State op"]
[Site "Mesa"]
[Date "2009.06.02"]
[Round "8"]
[White "Cardona Oramas, Liulia Maria"]
[Black "MacKinnon, Keith"]
[Result "1/2-1/2"]
[WhiteElo "2035"]
[BlackElo "2145"]
[PlyCount "82"]
[EventDate "2009.05.29"]
[EventType "swiss"]
[EventRounds "10"]
[EventCountry "USA"]
[SourceTitle "CBM 130 Extra"]
[Source "ChessBase"]
[SourceDate "2009.07.02"]
[SourceVersion "2"]
[SourceVersionDate "2009.07.15"]
[SourceQuality "1"]

1. e4 d5 2. exd5 Qxd5 3. Nc3 Qd6 4. g3 Nf6 5. Bg2 c6 6. Nge2 Bg4 7. h3 Bh5 8. d3 Nbd7 9. a3 e6 10. 0-0 Qc7 11. b4 Bd6 12. b5 0-0 13. Bd2 a6 14. bxc6 bxc6 15. g4 Bg6 16. f4 Rab8 17. Kh1 Rfe8 18. Ne4 Nxe4 19. dxe4 f6 20. Bf3 Nc5 21. f5 Bf7 22. Ba5 Qxa5 23. Qxd6 Red8 24. Qg3 Qd2 25. e5 fxe5 26. Qxe5 Qd6 27. Qxd6 Rxd6 28. fxe6 Bxe6 29. Nf4 Bc4 30. Rfd1 Rbd8 31. Rxd6 Rxd6 32. Rd1 Rxd1+ 33. Bxd1 g5 34. Nh5 Ne4 35. Bf3 Bd5 36. Kg1 Kf7 37. c4 Nd2 38. cxd5 Nxf3+ 39. Kf2 Ne5 40. dxc6 Nxc6 41. Ke3 Ke6 1/2-1/2

[Event "Miami op"]
[Site "Miami"]
[Date "2007.09.28"]
[Round "5"]
[White "Cardona Oramas, Liulia Maria"]
[Black "Prilleltensky, Matan"]
[Result "1/2-1/2"]
[WhiteElo "2284"]
[BlackElo "2071"]
[PlyCount "118"]
[EventDate "2007.09.26"]
[EventType "swiss"]
[EventRounds "9"]
[EventCountry "USA"]
[SourceTitle "CBM 120 Extra"]
[Source "ChessBase"]
[SourceDate "2007.11.01"]
[SourceVersion "1"]
[SourceVersionDate "2007.11.01"]
[SourceQuality "1"]

1. e4 e5 2. Nf3 Nc6 3. Bb5 a6 4. Ba4 Nf6 5. d3 b5 6. Bb3 Be7 7. 0-0 0-0 8. c3 Bb7 9. Nbd2 d5 10. Re1 Qd7 11. Bc2 Rad8 12. Qe2 Rfe8 13. Nf1 h6 14. Ng3 Bf8 15. Nf5 Kh7 16. a3 dxe4 17. dxe4 g6 18. Ng3 Na5 19. Nd2 Bc8 20. Qf3 Bg7 21. b4 Nb7 22. Nb3 Qe7 23. Qe3 c5 24. Nxc5 Ng4 25. Qf3 Nxc5 26. bxc5 Qxc5 27. Bb3 Rd3 28. Be3 Nxe3 29. Rxe3 Rxe3 30. Qxe3 Qxe3 31. fxe3 Be6 32. Bd5 Bf8 33. a4 b4 34. c4 Kg7 35. Kf2 Bd7 36. a5 Rb8 37. Ne2 b3 38. Rb1 b2 39. Nc3 Rb3 40. Nd1 Bg4 41. c5 Rb5 42. Bc4 Rxc5 43. Nxb2 Rxa5 44. Nd3 Be6 45. Bxe6 fxe6 46. Ke2 Ra2+ 47. Rb2 Rxb2+ 48. Nxb2 Bc5 49. Nc4 Kf6 50. Kd3 Bb4 51. Kc2 h5 52. Nb6 Bd6 53. Kb3 Kg5 54. Nc4 Bc7 55. Kc2 Kg4 56. Kd2 a5 57. Nb2 h4 58. Ke2 Bd6 59. Kf2 Bc7 1/2-1/2

[Event "Miami op"]
[Site "Miami"]
[Date "2007.09.27"]
[Round "3"]
[White "Mason, Mike W"]
[Black "Cardona Oramas, Liulia Maria"]
[Result "1/2-1/2"]
[WhiteElo "2066"]
[BlackElo "2284"]
[PlyCount "178"]
[EventDate "2007.09.26"]
[EventType "swiss"]
[EventRounds "9"]
[EventCountry "USA"]
[SourceTitle "CBM 120 Extra"]
[Source "ChessBase"]
[SourceDate "2007.11.01"]
[SourceVersion "1"]
[SourceVersionDate "2007.11.01"]
[SourceQuality "1"]

1. d4 f5 2. g3 Nf6 3. Bg2 g6 4. Nh3 Bg7 5. c3 c6 6. 0-0 0-0 7. Nd2 d6 8. Qb3+ e6 9. e4 fxe4 10. Nxe4 Nxe4 11. Bxe4 d5 12. Bg2 e5 13. dxe5 Bxe5 14. c4 d4 15. c5+ Kg7 16. Bf4 Nd7 17. Ng5 Rf6 18. Ne6+ Rxe6 19. Qxe6 Bxf4 20. gxf4 Qf8 21. b4 Qxf4 22. Rfe1 Nf8 23. Qe7+ Qf7 24. Rad1 Qxe7 25. Rxe7+ Kf6 26. Re8 Kf7 27. Re4 Ne6 28. Bh3 Ng5 29. Bxc8 Nxe4 30. Bxb7 Rb8 31. Rxd4 Rxb7 32. Rxe4 Rd7 33. a4 Rd5 34. Rc4 a6 35. Kg2 Ke6 36. Kf3 Rd3+ 37. Ke4 Ra3 38. Rd4 Rxa4 39. Rd6+ Ke7 40. Rxc6 Kd7 41. Rb6 a5 42. Kd5 axb4 43. c6+ Kc8 44. Rb7 Ra2 45. Rxb4 Rxf2 46. Rh4 h5 47. Kd6 Rf6+ 48. Kd5 Kc7 49. Ra4 Rd6+ 50. Ke5 Rxc6 51. Ra7+ Kd8 52. Rf7 Ke8 53. Rf6 Rc5+ 54. Ke6 Rg5 55. Rf2 Rg4 56. Ra2 Kf8 57. Kf6 Kg8 58. Ra3 Kh7 59. h3 Rf4+ 60. Ke5 Rf5+ 61. Ke4 h4 62. Ra7+ Kh6 63. Ra8 Kg5 64. Ke3 Rb5 65. Ra3 Rf5 66. Ra8 Rf1 67. Ke2 Rg1 68. Ra5+ Kf4 69. Ra4+ Kg5 70. Ra5+ Kh6 71. Ra3 Rg2+ 72. Kf1 Rg5 73. Kf2 Kh5 74. Rb3 Rf5+ 75. Kg2 Kg5 76. Ra3 Re5 77. Rb3 Kf4 78. Rf3+ Ke4 79. Ra3 g5 80. Rb3 Rd5 81. Rb2 Rd3 82. Re2+ Re3 83. Ra2 Rg3+ 84. Kh2 Rd3 85. Kg2 Ke3 86. Rb2 Ke4 87. Rb4+ Rd4 88. Rb2 Rd3 89. Rb4+ Ke3 1/2-1/2

[Event "Pan American-ch"]
[Site "Washington DC"]
[Date "2006.12.30"]
[Round "6"]
[White "Goodman, Danny"]
[Black "Cardona Oramas, Liulia Maria"]
[Result "1-0"]
[WhiteElo "2085"]
[BlackElo "2273"]
[PlyCount "77"]
[EventDate "2006.12.27"]
[EventType "swiss"]
[EventRounds "6"]
[EventCountry "USA"]
[SourceTitle "CBM 116 Extra"]
[Source "ChessBase"]
[SourceDate "2007.03.07"]
[SourceVersion "1"]
[SourceVersionDate "2007.03.07"]
[SourceQuality "1"]

1. d4 f5 2. Nf3 g6 3. g3 Nf6 4. Bg2 Bg7 5. c4 d6 6. Nc3 0-0 7. 0-0 c6 8. d5 e5 9. e4 c5 10. Ng5 f4 11. gxf4 exf4 12. Ne6 Bxe6 13. dxe6 Nh5 14. Qd5 Qe7 15. e5 Bxe5 16. Qxb7 Qh4 17. e7 Re8 18. Re1 Bd4 19. Nd1 Nf6 20. Qxa8 Ng4 21. Qf3 g5 22. h3 Ne5 23. Qd5+ Kg7 24. Qxd6 Nbd7 25. Re4 Qh5 26. Bd2 f3 27. Bf1 g4 28. Bc3 gxh3 29. Bxd4 h2+ 30. Kh1 cxd4 31. Qxd4 Qg5 32. Kxh2 Rxe7 33. Ne3 Nf6 34. Bh3 Kf8 35. Rg1 Qh5 36. Rf4 Kf7 37. Nd5 Re6 38. Qxa7+ Ned7 39. Qxd7+ 1-0

[Event "Pan American-ch"]
[Site "Washington DC"]
[Date "2006.12.28"]
[Round "2"]
[White "Cardona Oramas, Liulia Maria"]
[Black "Schneider, Kurt"]
[Result "0-1"]
[WhiteElo "2273"]
[BlackElo "2204"]
[PlyCount "82"]
[EventDate "2006.12.27"]
[EventType "swiss"]
[EventRounds "6"]
[EventCountry "USA"]
[SourceTitle "CBM 116 Extra"]
[Source "ChessBase"]
[SourceDate "2007.03.07"]
[SourceVersion "1"]
[SourceVersionDate "2007.03.07"]
[SourceQuality "1"]

1. e4 e6 2. d3 c5 3. Nf3 Nc6 4. g3 g6 5. Bg2 Bg7 6. 0-0 Nge7 7. Re1 d6 8. c3 e5 9. a3 b5 10. Be3 0-0 11. d4 cxd4 12. cxd4 Bg4 13. d5 Na5 14. Nc3 a6 15. h3 Bd7 16. b3 f5 17. Rb1 h6 18. Qd3 Qc7 19. Rec1 Qb7 20. Qd2 g5 21. exf5 Bxf5 22. Rb2 Rac8 23. g4 Bh7 24. h4 b4 25. axb4 Qxb4 26. hxg5 Rxf3 27. gxh6 Qxg4 28. hxg7 Nf5 29. Ne2 Rxc1+ 30. Qxc1 Nh4 31. Ng3 Nxg2 32. Kxg2 Be4 33. Kg1 Rxg3+ 34. fxg3 Qxg3+ 35. Kf1 Bd3+ 36. Re2 Qh3+ 37. Kg1 Bxe2 38. Qe1 Qxe3+ 39. Kh2 Qf4+ 40. Kg1 Qg4+ 41. Kh2 Bf3 0-1

[Event "Pan American-ch"]
[Site "Washington DC"]
[Date "2006.12.27"]
[Round "1"]
[White "Jatovsky, Rachel"]
[Black "Cardona Oramas, Liulia Maria"]
[Result "0-1"]
[WhiteElo "1901"]
[BlackElo "2273"]
[PlyCount "92"]
[EventDate "2006.12.27"]
[EventType "swiss"]
[EventRounds "6"]
[EventCountry "USA"]
[SourceTitle "CBM 116 Extra"]
[Source "ChessBase"]
[SourceDate "2007.03.07"]
[SourceVersion "1"]
[SourceVersionDate "2007.03.07"]
[SourceQuality "1"]

1. e4 e5 2. Nf3 d6 3. d4 Bg4 4. Be2 Nd7 5. Nc3 Be7 6. Be3 Ngf6 7. Qd3 c6 8. h3 Bh5 9. 0-0-0 Qa5 10. g4 Bg6 11. Nh4 Nxe4 12. Nxe4 Bxe4 13. Qxe4 d5 14. Qf5 g6 15. Qf3 Qxa2 16. c3 Bxh4 17. g5 h6 18. dxe5 Bxg5 19. Bxg5 hxg5 20. Qg3 Qa1+ 21. Kc2 Qa4+ 22. Kb1 Qf4 23. Rhg1 Qxe5 24. Qxe5+ Nxe5 25. Rxg5 Nd7 26. Bg4 0-0-0 27. f4 f5 28. Be2 Rxh3 29. Rxg6 Rh4 30. Rf1 Nc5 31. Rg2 Ne4 32. Bd3 Rh3 33. Bc2 a5 34. Kc1 b5 35. Rg6 Kc7 36. Rg7+ Rd7 37. Rfg1 b4 38. Rxd7+ Kxd7 39. cxb4 axb4 40. Rg7+ Kd6 41. Rg6+ Kc5 42. Ba4 Rh1+ 43. Kc2 Rh2+ 44. Kc1 Nd6 45. Rg7 Rf2 46. Rc7 Nb5 0-1

[Event "CUB-ch op (Women)"]
[Site "Havana"]
[Date "2004.04.23"]
[Round "4"]
[White "Perez Rodriguez, Jennifer"]
[Black "Cardona Oramas, Liulia Maria"]
[Result "0-1"]
[WhiteElo "2149"]
[BlackElo "2186"]
[PlyCount "130"]
[EventDate "2004.04.20"]
[EventType "swiss"]
[EventRounds "9"]
[EventCountry "CUB"]
[SourceTitle "CBM 100 Extra"]
[Source "ChessBase"]
[SourceDate "2004.07.06"]
[SourceVersion "2"]
[SourceVersionDate "2004.07.06"]
[SourceQuality "1"]

1. e4 e5 2. Nf3 d6 3. d4 Bg4 4. dxe5 Nd7 5. Nc3 dxe5 6. Be2 Bxf3 7. Bxf3 c6 8. Be3 Bc5 9. Qe2 Bxe3 10. Qxe3 Qb6 11. Qxb6 axb6 12. 0-0-0 Ngf6 13. Rd6 Ke7 14. Rhd1 b5 15. Kb1 Nc5 16. a3 Ne6 17. R6d2 Ra5 18. g3 Rha8 19. Na2 c5 20. c3 Ra4 21. Bg2 Rd8 22. Rxd8 Nxd8 23. f3 g5 24. Bf1 Ra5 25. Nc1 c4 26. Bh3 Ra6 27. Kc2 h5 28. Bf5 Rd6 29. Rf1 Ne6 30. Ne2 Ng7 31. Bc8 Kd8 32. Bxb7 Kc7 33. Ba8 Rd8 34. Bd5 Nf5 35. exf5 Nxd5 36. Re1 Ne3+ 37. Kc1 Nxf5 38. Rd1 Rd3 39. Rxd3 cxd3 40. Ng1 g4 41. Kd2 gxf3 42. Nxf3 e4 43. Ng5 Nd6 44. b3 Kc6 45. Nh7 f5 46. h4 Ne8 47. Nf8 f4 48. gxf4 Kd6 49. Ng6 Ke6 50. Ne5 Kf5 51. Nxd3 exd3 52. Kxd3 Kg4 53. a4 bxa4 54. bxa4 Kxh4 55. a5 Kg4 56. Ke3 h4 57. Kf2 Kxf4 58. Kg2 Nc7 59. Kh3 Kg5 60. c4 Na6 61. Kh2 Kg4 62. Kg2 Nc5 63. Kh2 h3 64. Kg1 Kg3 65. Kh1 h2 0-1

[Event "CUB-ch (Women)"]
[Site "Caibarien"]
[Date "2002.??.??"]
[Round "6"]
[White "Cardona Oramas, Liulia Maria"]
[Black "Arribas Robaina, Maritza"]
[Result "0-1"]
[WhiteElo "2128"]
[BlackElo "2291"]
[PlyCount "66"]
[EventDate "2002.03.29"]
[EventType "swiss"]
[EventRounds "6"]
[EventCountry "CUB"]
[SourceTitle "EXT 2003"]
[Source "ChessBase"]
[SourceDate "2002.11.25"]
[SourceVersion "1"]
[SourceVersionDate "2002.11.25"]
[SourceQuality "1"]

1. e4 d6 2. d4 g6 3. c3 Bg7 4. Bd3 e5 5. Ne2 Ne7 6. 0-0 0-0 7. f4 Bg4 8. Be3 exd4 9. Bxd4 Bxd4+ 10. cxd4 d5 11. e5 Nbc6 12. Qa4 Bxe2 13. Bxe2 Nf5 14. Rd1 a6 15. Rd3 Qe7 16. Kh1 Nb4 17. Rd1 b5 18. Qb3 c5 19. dxc5 Qxc5 20. Nc3 Nd4 21. Rxd4 Qxd4 22. g3 Rfd8 23. Rd1 Qc5 24. Bf1 d4 25. Ne4 Qd5 26. Qf3 Kg7 27. Bg2 Nc2 28. Nd6 Qxf3 29. Bxf3 Rab8 30. Bd5 Ne3 31. Rxd4 Nf5 32. Nxf5+ gxf5 33. Kg2 Rd7 0-1

[Event "CUB-ch (Women)"]
[Site "Caibarien"]
[Date "2002.??.??"]
[Round "4"]
[White "Cardona Oramas, Liulia Maria"]
[Black "Ramon Pita, Vivian"]
[Result "0-1"]
[WhiteElo "2128"]
[BlackElo "2230"]
[PlyCount "106"]
[EventDate "2002.03.29"]
[EventType "swiss"]
[EventRounds "6"]
[EventCountry "CUB"]
[SourceTitle "EXT 2003"]
[Source "ChessBase"]
[SourceDate "2002.11.25"]
[SourceVersion "1"]
[SourceVersionDate "2002.11.25"]
[SourceQuality "1"]

1. e4 g6 2. d4 Bg7 3. Nf3 c6 4. c3 d6 5. Bc4 Nf6 6. Nbd2 0-0 7. 0-0 Nbd7 8. Bb3 e5 9. Re1 Qe7 10. a4 h6 11. Qc2 Rd8 12. a5 Nf8 13. Nc4 Nh5 14. a6 b6 15. dxe5 dxe5 16. Bxh6 Bxh6 17. Ncxe5 Ne6 18. Nxc6 Qc7 19. Nxd8 Qxd8 20. e5 Kg7 21. Red1 Qc7 22. Qe4 Rb8 23. Bxe6 Bxe6 24. Nd4 Nf4 25. Nxe6+ Nxe6 26. Rd6 Qe7 27. b4 Rc8 28. c4 Rc7 29. g3 Kh7 30. f4 Ng7 31. Rad1 Nf5 32. Qd3 Bf8 33. Rd7 Rxd7 34. Qxd7 Qxb4 35. Qxf7+ Kh6 36. Qf6 Bg7 37. Qe6 Qb3 38. Re1 Qc3 39. Rf1 Qe3+ 40. Rf2 Qe1+ 41. Kg2 Bf8 42. Qf6 Bg7 43. Qe6 Bf8 44. Qe8 Bg7 45. Qe6 Bf8 46. Qd7 Bc5 47. Rd2 Qg1+ 48. Kf3 Qf1+ 49. Kg4 Ne3+ 50. Kh4 Qf3 51. g4 Qxf4 52. Kh3 Qf3+ 53. Kh4 g5# 0-1

[Event "Havana Guines"]
[Site "Havana"]
[Date "2000.??.??"]
[Round "7"]
[White "Cardona Oramas, Liulia Maria"]
[Black "Tamarit Beltran, Jesus"]
[Result "1-0"]
[WhiteElo "2075"]
[BlackElo "2195"]
[PlyCount "101"]
[EventDate "2000.??.??"]
[EventType "tourn"]
[EventRounds "9"]
[EventCountry "CUB"]
[SourceTitle "EXT 2003"]
[Source "ChessBase"]
[SourceDate "2002.11.25"]
[SourceVersion "1"]
[SourceVersionDate "2002.11.25"]
[SourceQuality "1"]

1. e4 c5 2. Nf3 d6 3. d4 cxd4 4. Nxd4 Nf6 5. Nc3 g6 6. Bc4 Bg7 7. h3 0-0 8. Bb3 b6 9. 0-0 Bb7 10. Re1 Nbd7 11. Nd5 e6 12. Nxf6+ Nxf6 13. Qd3 d5 14. e5 Ne4 15. Bf4 a5 16. a4 Ba6 17. Qe3 Qc7 18. c3 Nc5 19. Bc2 Nd7 20. Qg3 Rfb8 21. h4 b5 22. h5 Nf8 23. Qh4 bxa4 24. Re3 Rxb2 25. hxg6 fxg6 26. Bxa4 Rb6 27. Rae1 Bc8 28. Bg5 Bd7 29. Bc2 a4 30. Be7 Be8 31. Bd6 Qd7 32. Ba3 Rb7 33. Rh3 Ra6 34. Bd3 Rab6 35. Re2 Rb3 36. Nxb3 Rxb3 37. Bb4 Qc7 38. Rf3 Bf7 39. Ra2 d4 40. Bc2 dxc3 41. Rxa4 Rxb4 42. Qxb4 Bxe5 43. Ra8 Bd6 44. Qxc3 Qe7 45. Bb3 Qh4 46. Ra7 Qh2+ 47. Kf1 Be5 48. Qc5 Bd6 49. Qd4 Be5 50. Qb4 Bd6 51. Qb7 1-0